Producción y envasado de zumos y bebidas de frutas sin gas /

Contenido: Identificación del zumo de naranja; Química y tecnología de zumos cítricos y subproductos; Zumo de uva; Zumos de frutas tropicales; Cultivo y comercio de frutas delicadas para zumos y bebidas no alcohólicas; Zumo de manzana; Equipos para la extracción y elaboración de zumo de frutas delic...

Ausführliche Beschreibung

Gespeichert in:
Bibliographische Detailangaben
1. Verfasser: Ashurst, P.R (autor)
Format: Buch
Sprache:Spanisch
Veröffentlicht: Zaragoza, España : Acribia, 1999, c1998
Schlagworte:
Tags: Tag hinzufügen
Keine Tags, Fügen Sie das erste Tag hinzu!

MARC

LEADER 00000nam^a2200000^a^4500
001 000183874
005 20250521000000.0
009 20260310102054.916
020 |a 84-200-0869-9 
037 |a Acervo ITESO - Biblioteca 
041 |a ESP 
082 |a 641. 268  |b ASH 
100 |a Ashurst, P.R.  |e (autor) 
245 1 0 |a Producción y envasado de zumos y bebidas de frutas sin gas /  |c Ed. de P.R. Ashurst ; tr. por Concepción Llaguno Marchena. 
264 4 |a Zaragoza, España :  |b Acribia,  |c 1999, c1998 
300 |a XVI, 415 p. 
336 |a texto  |b txt  |2 rdacontenido 
337 |a sin mediación  |b n  |2 rdamedio 
338 |a volumen  |b nc  |2 rdasoporte 
500 |a Traducción de: Production and Packaging of Non-Carbonated Fruit Juices and Fruit Beverages 
520 |a Contenido: Identificación del zumo de naranja; Química y tecnología de zumos cítricos y subproductos; Zumo de uva; Zumos de frutas tropicales; Cultivo y comercio de frutas delicadas para zumos y bebidas no alcohólicas; Zumo de manzana; Equipos para la extracción y elaboración de zumo de frutas delicadas; Elaboración de zumos cítricos; Mejoras del zumo mediante técnicas de cambio iónico y adsorción; Sistemas de fabricación de zumos de frutas y derivados; Sistemas de envasado para zumos de fruta y bebidas sin gas; Las bebidas para deportistas; Valor nutritivo y salubridad de los zumos de frutas elaborados; Legislación sobre producción, etiquetado y comercialización de zumos de frutas y bebidas derivadas de frutas. 
521 |a 2014 BO Licenciatura en Ingeniería de Alimentos 
649 |a XX 
650 |a Jugos de Frutas -  |x Industria y Comercio 
650 |a Refrescos y Bebidas No Alcohólicas 
650 |a Frutas 
650 |a Alimentos y Bebidas -  |x Conservación 
650 |a Industria Alimenticia 
650 |a Envasado y Preservación 
650 |a Tecnología de Alimentos 
910 |a Fondo General 
920 |a Impresos - Libros 
930 |a Colección General 
905 |a 101 
901 |a 0500124506  |b IT1  |c ACC  |u 20250521 
901 |a 0500231952  |b IT1  |c ACC  |i C140962  |u 20250521 
902 |a https://opac.biblio.iteso.mx/vufind/Record/000183874